| 000 | 01566nam a22003017a 4500 | ||
|---|---|---|---|
| 005 | 20210325191036.0 | ||
| 008 | s2539 th tha d | ||
| 041 | _atha | ||
| 090 | _aว HD6300 ย126ก 2539 | ||
| 100 | 0 | _aยงยุทธ แฉล้มวงษ์ | |
| 245 | 1 | 0 | _aการจัดการแรงงานอพยพต่างชาติในระยะยาว |
| 260 | 3 |
_aกรุงเทพฯ : _bสถาบันวิจัยเพื่อการพัฒนาประเทศไทย, _c2539 |
|
| 300 |
_a4 เล่ม : _b ตาราง ; _c 27 ซม. |
||
| 650 | 0 | 4 | _aการอพยพแรงงาน -- วิจัย |
| 650 | 0 | 4 | _aผู้ลี้ภัย -- วิจัย |
| 650 | 0 | 4 | _aการย้ายถิ่นแรงงาน -- ไทย -- วิจัย |
| 650 | 0 | 4 | _aแรงงานต่างด้าว -- ไทย -- วิจัย |
| 650 | 0 | 4 | _aแรงงานต่างชาติ -- วิจัย |
| 650 | 0 | 4 | _aแรงงานอพยพ -- วิจัย |
| 650 | 0 | 4 | _aการย้ายถิ่นของแรงงาน -- วิจัย |
| 650 | 0 | 4 | _aแรงงานต่างด้าว -- การย้าย -- วิจัย |
| 650 | 0 | 4 | _aแรงงานอพยพจากต่างประเทศ -- วิจัย |
| 700 | 0 | _aยงยุทธ แฉล้มวงษ์ | |
| 850 | _aNALT | ||
| 942 | _cRSH | ||
| 997 |
_c000000000027240 _kVC |
||
| 998 | _aNISA LAUNGTONGKUM | ||
| 999 |
_c27240 _d27240 |
||